| 000 | 00770cam a22002534a 4500 | ||
|---|---|---|---|
| 001 | 12474737 | ||
| 005 | 20171214042342.0 | ||
| 008 | 010718s2001 ctua b 001 0 eng | ||
| 010 | _a 2001004323 | ||
| 020 | _a0300092180 (cloth : alk. paper) | ||
| 040 |
_aDLC _cDLC _dDLC |
||
| 041 | _aeng | ||
| 042 | _apcc | ||
| 043 | _an-us--- | ||
| 080 | _a342.7302 | ||
| 082 | 0 | 0 |
_a342.7302 DAH _221 |
| 100 | 1 | _a18 | |
| 101 | _aSHP | ||
| 245 | 1 | 0 |
_aHow democratic is the American Constitution? / _cRobert A. Dahl. |
| 504 | _aIncludes bibliographical references (p. [173]-190) and index. | ||
| 906 |
_a7 _bcbc _corignew _d1 _eecip _f20 _gy-gencatlg |
||
| 942 |
_2ddc _cBK |
||
| 999 |
_c38908 _d38908 |
||